[Event "Groningen op"]
[Site "Groningen"]
[Date "1988.??.??"]
[Round "?"]
[White "Kuczynski, Robert"]
[Black "Booij, Johan"]
[Result "1-0"]
[WhiteElo "2485"]
[BlackElo "2310"]

1.e4 c5 2.Nf3 Nc6 3.Nc3 d6 4.d4 cxd4 5.Nxd4 Nf6 6.Bc4 e6 7.Be3 a6 8.Qe2 Qc7
9.O-O-O Na5 10.Bd3 b5 11.a3 Rb8 12.Bd2 b4 13.axb4 Rxb4 14.Ncb5 Qc5 15.Bxb4 Qxb4
16.Nc7+ Kd8 17.c3 Qa4 18.Nxa6 e5 19.Bb5 Bxa6 20.Bxa4 Bxe2 21.Nxe2 Nxe4 22.Rd5 Nc4
23.Bb3 Nb6 24.Ra5  1-0

[Event "Guernsey op"]
[Site "Guernsey"]
[Date "1988.??.??"]
[Round "?"]
[White "Jacobs, Byron A"]
[Black "Wells, Peter K"]
[Result "1/2-1/2"]
[WhiteElo "2320"]
[BlackElo "2410"]

1.e4 c5 2.Nc3 Nc6 3.Nge2 Nf6 4.d4 cxd4 5.Nxd4 e5 6.Ndb5 d6 7.Bg5 a6 8.Na3 b5
9.Nd5 Be7 10.Bxf6 Bxf6 11.c3 O-O 12.Nc2 Nb8 13.Bd3 Nd7 14.Nce3 Bg5 15.Bc2 g6
16.O-O Bb7 17.Qe2 Bxe3 18.Nxe3 Qb6  1/2-1/2

[Event "IND-ch"]
[Site "?"]
[Date "1988.??.??"]
[Round "?"]
[White "Hegde, Ravi Gopal"]
[Black "Ganesan, Sankar"]
[Result "1-0"]
[WhiteElo "2315"]
[BlackElo "2270"]

1.e4 c5 2.Nf3 Nc6 3.Nc3 d6 4.d4 cxd4 5.Nxd4 Nf6 6.Bg5 e6 7.Qd2 a6 8.O-O-O Bd7
9.f4 h6 10.Bh4 g5 11.fxg5 Ng4 12.Nf3 hxg5 13.Bg3 Nge5 14.Kb1 Be7 15.Be2 Nxf3
16.gxf3 Ne5 17.Qd4 Qc7 18.h4 gxh4 19.f4 Ng6 20.f5 Ne5 21.Qf2 O-O-O 22.Bxh4 Bxh4
23.Rxh4 Qc5 24.Qh2 Rxh4 25.Qxh4 exf5 26.Qf6 Bc6 27.Qxf5+ Kc7 28.a3 Rg8 29.Qf6 Re8
30.Bh5 Re6 31.Qf4 Re7 32.Qg5 Rd7 33.Be2 Ng6 34.Nd5+ Bxd5 35.Rxd5 Qc6 36.Bg4 Re7
37.Bf5 Qc4 38.Rd3 Rxe4 39.Bxe4 Qxe4 40.Rc3+ Kd7 41.Qa5 f5 42.Qc7+ Ke6 43.Qc8+ Kf6
44.Rc7 f4 45.Qd8+ Kf5 46.Rf7+ Kg4 47.Qxd6 f3 48.Rg7 Kh5 49.Qh2+ Nh4 50.Qg3 Qf5
51.Qf2 b5 52.Rc7 Kg4 53.Qg1+ Kf4 54.Rg7 Qf6 55.Rg4+ Kf5 56.Qg3  1-0

[Event "IND-ch"]
[Site "?"]
[Date "1988.??.??"]
[Round "?"]
[White "Barua, Dibyendu"]
[Black "Prasad, Devaki V"]
[Result "1/2-1/2"]
[WhiteElo "2480"]
[BlackElo "2405"]

1.e4 c5 2.Nf3 Nc6 3.Nc3 e5 4.Nd5 d6 5.d3 Be7 6.Ne3 Nf6 7.g3 d5 8.exd5 Nxd5
9.Bg2 Be6 10.O-O O-O 11.Re1 f6 12.h3 Qd7 13.Kh2 Rad8 14.Qe2 Rfe8 15.Qf1 Bf8
16.Bd2  1/2-1/2

[Event "ISR-ch"]
[Site "Israel"]
[Date "1988.??.??"]
[Round "?"]
[White "Sabi, Yoseph"]
[Black "Lev, Ronen"]
[Result "1/2-1/2"]
[WhiteElo "2295"]
[BlackElo "2390"]

1.Nf3 c5 2.e4 Nc6 3.Nc3 g6 4.d4 cxd4 5.Nxd4 Bg7 6.Nde2 d6 7.h3 Nf6 8.g3 Bd7
9.Bg2 O-O 10.O-O Qa5 11.Bd2 Rfc8 12.a4 Qd8 13.b3 Rab8 14.Be3 b6 15.Qd2 Nb4
16.Rac1 Qc7 17.Nb5 Bxb5 18.axb5 Na2 19.Ra1 Nc3 20.Nxc3 Qxc3 21.Qxc3 Rxc3
22.Rxa7 Rxc2 23.Rxe7 Rb2 24.Rc1 Rxb3 25.Rcc7 Rxb5 26.Rxf7 Ne8 27.Rb7 Rxb7
28.Rxb7 Rb1+ 29.Kh2 Nf6 30.Bf4 Bf8 31.e5 dxe5 32.Bxe5 Bg7 33.Bf4 b5 34.Bc6 h6
35.Bxb5 Kh8 36.Rb8+ Kh7 37.Bd3 Rxb8 38.Bxb8 Nd7 39.Bd6 Be5 40.Ba3 Kg7 41.Kg2 Bd4
42.f4 Nc5 43.Bc2 Kf6 44.Kf3 Kf7 45.Bc1 Kf6 46.h4 h5 47.Bd2 Kg7 48.Ba5 Kf6
49.Bc7 Ne6 50.Bd6 Nc5 51.Be5+ Bxe5 52.fxe5+ Kxe5 53.Bxg6 Ne6 54.Bxh5 Nd4+
55.Kg4 Nf5 56.Kg5 Nxg3 57.Bg6 Ke6  1/2-1/2

[Event "JUG-ch"]
[Site "?"]
[Date "1988.??.??"]
[Round "?"]
[White "Velickovic, Sasa"]
[Black "Matulovic, Milan"]
[Result "0-1"]
[WhiteElo "2425"]
[BlackElo "2435"]

1.e4 c5 2.Nc3 Nc6 3.Nge2 e5 4.Nd5 Nge7 5.Nec3 Nxd5 6.Nxd5 d6 7.Bc4 a6 8.a4 Be6
9.O-O g6 10.d3 Bg7 11.Bd2 O-O 12.Rb1 Rb8 13.c3 b5 14.axb5 axb5 15.Bb3 h6
16.Kh1 Ne7 17.Nxe7+ Qxe7 18.Be3 Rfc8 19.Bxe6 Qxe6 20.Qd2 h5 21.f4 exf4 22.Bxf4 Ra8
23.Rbe1 Ra4 24.Bh6 Bh8 25.Re2 Rca8 26.h3 b4 27.e5 bxc3 28.bxc3 Ra1 29.Qf4 Bxe5
30.Qf3 Rxf1+ 31.Qxf1 Qf5 32.Qe1 Qxd3 33.Rxe5 dxe5 34.Qxe5 Qb1+ 35.Kh2 Qb8
36.Bf4 Qxe5 37.Bxe5 Rd8 38.Kg3 Rd5 39.Kf4 f6 40.Bc7 Rd7 41.g4 Rd3 42.gxh5 gxh5
43.Ba5 Rxh3 44.Ke4 Rg3 45.c4  0-1

[Event "JUG-ch"]
[Site "?"]
[Date "1988.??.??"]
[Round "?"]
[White "Velickovic, Sasa"]
[Black "Abramovic, Bosko"]
[Result "1/2-1/2"]
[WhiteElo "2425"]
[BlackElo "2460"]

1.e4 c5 2.Nc3 Nc6 3.Nge2 g6 4.d4 cxd4 5.Nxd4 Bg7 6.Nde2 Nf6 7.g3 b5 8.Bg2 Rb8
9.O-O O-O 10.a3 d6 11.h3 Ne5 12.Kh2 a6 13.f4 Nc4 14.b3 Nb6 15.Be3 Qc7 16.Bd4 Bb7
17.f5 Rbc8 18.Qd2 Nbd7 19.Qe3 Rfe8 20.Rf2 e6 21.fxe6 Rxe6 22.Raf1 Rce8 23.Nf4 R6e7
24.Qd2 Ne5 25.Kg1 Qd8 26.Nfe2 Nfd7 27.g4 Nc5 28.Ng3 Qc7 29.Nd5 Bxd5 30.exd5 Qd8
31.Bxc5 dxc5 32.d6 Rd7 33.Ne4 Re6 34.Qd5 c4 35.bxc4 Nxc4 36.Rxf7 Rxf7 37.Qxe6 Qd7
38.Qxf7+ Qxf7 39.Rxf7 Kxf7 40.d7 Ke7 41.Kf1 Ne3+ 42.Kf2 Nxc2 43.Ke2 Nxa3
44.Nc5 Be5 45.Nxa6 Kxd7 46.Nc5+ Kd6 47.Ne4+ Ke7 48.Kd3 Nc4 49.h4 h6 50.h5 g5
51.Nd2 Nd6 52.Bc6 Bf4 53.Nf3 b4 54.Bd5 Kf6 55.Bb3 Be5 56.Nd2 Ke7 57.Ne4 Nf7
58.Kc4 Bd6 59.Kd5 Bf4 60.Nc5 Ne5 61.Bd1 Nf7 62.Nb3 Be5 63.Na5 Bc3 64.Nc6+ Kd7
65.Ba4  1/2-1/2

[Event "Liechtenstein op"]
[Site "Liechtenstein"]
[Date "1988.??.??"]
[Round "?"]
[White "Bjerring, Kai"]
[Black "Djukic, Zeljko"]
[Result "0-1"]
[WhiteElo "2305"]
[BlackElo "2405"]

1.e4 c5 2.Nf3 Nc6 3.Nc3 e6 4.g3 d6 5.d4 cxd4 6.Nxd4 a6 7.Bg2 Qc7 8.O-O Be7
9.Re1 Bd7 10.a4 Nf6 11.Nb3 O-O 12.a5 Ne5 13.f4 Nc4 14.e5 dxe5 15.fxe5 Nxe5
16.Bf4 Bd6 17.Qd4 Nc4 18.Bxd6 Nxd6 19.Rad1 Nb5 20.Nxb5 Bxb5 21.Qb6 Rac8 22.Nd4 Bc4
23.Bxb7 Qxb6 24.axb6 Rb8 25.Bg2 Rxb6 26.b3 Bd5 27.Bf1 Be4 28.Rd2 Rc8 29.Bc4 Rd6
30.Red1 Rcd8 31.c3 Bb7 32.Nf3 Ne4 33.Rxd6 Rxd6 34.Rxd6 Nxd6 35.Nd2 Nxc4 36.Nxc4 Kf8
37.Kf2 Ke7 38.Ke3 f6 39.Na5 Bg2 40.Kd4 Kd6 41.Nc4+ Kc6 42.Ne3 Bf3 43.c4 a5
44.Kc3 Kc5 45.Nc2 e5 46.b4+ axb4+ 47.Nxb4 Be4 48.Na2 Bb1 49.Nc1 Be4 50.Nb3+ Kd6
51.Kb4 f5 52.Na5 Bc6 53.Kc3 g5 54.Nb3 f4 55.Nd2 h5 56.Kd3 Ke6  0-1

[Event "Lienz op"]
[Site "Lienz"]
[Date "1988.??.??"]
[Round "?"]
[White "Novoselski, Zoran"]
[Black "Bhend, Edwin"]
[Result "1-0"]
[WhiteElo "2405"]
[BlackElo "2345"]

1.e4 c5 2.Nf3 Nc6 3.Nc3 Nf6 4.Bb5 Nd4 5.e5 Nxb5 6.Nxb5 Nd5 7.Ng5 f5 8.O-O e6
9.c4 Nb4 10.d4 cxd4 11.Bf4 Nc6 12.Nf3 b6 13.Bg5 Be7 14.Nd6+ Kf8 15.h4 h6
16.Bxe7+ Qxe7 17.Qe2 g5 18.Rad1 Qg7 19.h5 Rb8 20.Rfe1 Bb7 21.Nxb7 Rxb7 22.Nxd4 Nxd4
23.Rxd4 Ke7 24.Qf3 Rhb8 25.a4 Ke8 26.g4 f4 27.Qe4 Rc7 28.Red1 Rbb7 29.Rd6 Kf8
30.a5 bxa5 31.c5 Qf7 32.Qa4 Qg7 33.c6 Rxc6 34.Rxc6 dxc6 35.Rd8+ Ke7 36.Qd4 Kf7
37.Qd6 Re7 38.Ra8 Qh7 39.Qxe7+  1-0

[Event "Lloyds Bank op"]
[Site "London"]
[Date "1988.??.??"]
[Round "?"]
[White "Hebden, Mark"]
[Black "Agnos, Demetrios"]
[Result "1-0"]
[WhiteElo "2460"]
[BlackElo "2355"]

1.e4 c5 2.Nc3 Nc6 3.Nf3 e5 4.Bc4 h6 5.d3 g5 6.Nd5 Bg7 7.a3 Nge7 8.h4 g4 9.Nh2 h5
10.Bg5 d6 11.f3 Qd7 12.Bb5 Ng8 13.Nf1 f6 14.Be3 Qd8 15.Ng3 Ne7 16.Qd2 Bd7
17.Nxe7 Nxe7 18.Bxd7+ Qxd7 19.b4 f5 20.Bg5 f4 21.Bxe7 fxg3 22.Bg5 cxb4 23.axb4 d5
24.O-O O-O 25.Rae1 dxe4 26.Rxe4 Rf5 27.fxg4 Rxf1+ 28.Kxf1 Rf8+ 29.Kg1 Qa4
30.Qe3 Qxc2 31.Qxg3 hxg4 32.Kh2 Qd1 33.Re1 Qc2 34.Re3 Qd1 35.Re1 Qc2 36.Re4 Qd1
37.Qxg4 Qxd3 38.Bh6 Rf7 39.Bxg7 Rxg7 40.Qe6+ Kh8 41.Qxe5 Qd1 42.Rd4  1-0

[Event "Haringey"]
[Site "London"]
[Date "1988.??.??"]
[Round "?"]
[White "Hebden, Mark"]
[Black "Jonsson, Bjorgvin"]
[Result "1/2-1/2"]
[WhiteElo "2460"]
[BlackElo "2375"]

1.e4 c5 2.Nc3 Nc6 3.Nf3 g6 4.d4 cxd4 5.Nxd4 Bg7 6.Be3 d6 7.Qd2 Nf6 8.f3 O-O
9.Bc4 Bd7 10.h4 Qa5 11.Bb3 Rfc8 12.O-O-O Ne5 13.Kb1 Nc4 14.Bxc4 Rxc4 15.Nb3 Qe5
16.Bd4 Qe6 17.h5 a5 18.h6 Bh8 19.Nd5 a4 20.Bxf6 Bxf6 21.Nxf6+ Qxf6 22.Nd4 Rac8
23.Rhe1 a3 24.bxa3 Ba4 25.Re2 Qe5 26.Nb3 Qb5 27.e5 Rxc2 28.Qxc2 Rxc2 29.Rxc2 f6
30.e6 Qf5 31.Re1 Bc6 32.Kb2 Qf4 33.a4 Qxh6 34.a5 Bd5 35.Rc8+ Kg7 36.Re8 Bxb3
37.Rxe7+ Kf8 38.Rf7+ Ke8 39.Kxb3  1/2-1/2

[Event "London WFW"]
[Site "London"]
[Date "1988.??.??"]
[Round "1"]
[White "King, Daniel J"]
[Black "Sadler, Matthew"]
[Result "1/2-1/2"]
[WhiteElo "2475"]
[BlackElo "2385"]

1.e4 c5 2.Nc3 Nc6 3.Nge2 Nd4 4.Nxd4 cxd4 5.Ne2 Nf6 6.e5 Ng4 7.Nxd4 Nxe5 8.b3 e6
9.Bb2 Ng6 10.Qg4 Be7 11.O-O-O O-O 12.f4 d5 13.Qf3 e5 14.fxe5 Nxe5 15.Qg3 Bf6
16.Kb1 Bd7 17.Be2 Ng6 18.Qd6 Be6 19.Qxd8 Raxd8 20.Rhf1 Bxd4 21.Bxd4 a6 22.Rde1 Rfe8
23.Bh5 f6 24.Re3 Bf7 25.g3 Rxe3 26.dxe3 Ne5 27.Bxf7+ Nxf7 28.Kb2 Ng5 29.Ka3 Kf7
30.Kb4 Ne6 31.a4 Rd7 32.c3 Ke7 33.Bb6 Kd6 34.a5 Kc6 35.g4 Ng5 36.Rd1 Nf3
37.h3 Ng5 38.h4 Nf3 39.Rh1 Re7 40.c4 Re4 41.Kc3 dxc4 42.bxc4 Rxg4 43.h5 Rh4
44.Rd1 Ng5 45.Rd8 Ne4+ 46.Kd3 Nd6 47.c5 Nc4 48.Rc8+ Kb5 49.Rc7 Nxb6 50.axb6 Rc4  1/2-1/2

[Event "Montpellier"]
[Site "Montpellier"]
[Date "1988.??.??"]
[Round "5"]
[White "Gachon, Lionel"]
[Black "Vincent, Stephane"]
[Result "0-1"]
[WhiteElo "2305"]
[BlackElo "2270"]

1.e4 c5 2.Nc3 Nc6 3.Nge2 Nf6 4.d4 cxd4 5.Nxd4 e5 6.Ndb5 d6 7.Nd5 Nxd5 8.exd5 Nb8
9.c4 Be7 10.Be2 a6 11.Nc3 O-O 12.O-O Nd7 13.Rb1 a5 14.a3 b6 15.b4 Ba6 16.Be3 f5
17.f3 axb4 18.axb4 Bg5 19.Bf2 Qc7 20.Qb3 Rfc8 21.b5 Bb7 22.Ra1 Bd2 23.Na4 g6
24.Ra2 Bg5 25.Rd1 Re8 26.Rc2 Bf6 27.Nxb6 Nxb6 28.c5 dxc5 29.Rxc5 Qf7 30.Rc6 Bxc6
31.bxc6 Nc8 32.Qb7 Nd6 33.Qb4 Be7 34.Bc5 Reb8 35.Qd2 Ne4 36.fxe4 Bxc5+ 37.Kh1 Bd6
38.Rf1 f4 39.Bg4 Kg7 40.Be6 Qa7 41.Qe2 Qa6 42.Qf3 Rb3 43.Qd1 Ra3  0-1

[Event "Montpellier"]
[Site "Montpellier"]
[Date "1988.??.??"]
[Round "6"]
[White "Hebden, Mark"]
[Black "Santo Roman, Marc"]
[Result "1-0"]
[WhiteElo "2475"]
[BlackElo "2435"]

1.e4 c5 2.Nc3 Nc6 3.Nf3 Nf6 4.Bb5 Nd4 5.e5 Nxb5 6.Nxb5 Nd5 7.Ng5 f6 8.exf6 Nxf6
9.O-O e6 10.d4 Qb6 11.c4 a6 12.dxc5 Bxc5 13.Nc3 Qc6 14.Nce4 O-O 15.Nxc5 Qxc5
16.b3 b5 17.Qf3 Rb8 18.Be3 Qe7 19.Bf4 Bb7 20.Qd3 e5 21.Rfe1 d6 22.c5 Qd7
23.Bg3 Qc6 24.f3 Qxc5+ 25.Kh1 Qb6 26.Rad1 h6 27.Ne6 Rfe8 28.Qxd6 Bxf3 29.Nxg7 Bxd1
30.Nxe8 Qxd6 31.Nxd6 Bg4 32.h3 Bd7 33.Rxe5 Rb6 34.Re7 Rc6 35.Be5 Rc1+ 36.Kh2 Rd1
37.Nf7 Kg7 38.Nxh6+ Kxh6 39.Bxf6 Kg6 40.Bc3 Rd3 41.Be1 Kf6 42.Re2 Be6 43.Rd2 Re3
44.Bf2 Re4 45.g4 a5 46.Bd4+ Kf7 47.Kg3 a4 48.bxa4 bxa4 49.a3 Kg6 50.Bc5 Rc4
51.Bb4 Kf6 52.Rd6 Kf7 53.Ra6 Bd7 54.Kh4 Rd4 55.Kh5 Be8 56.Ra8 Bd7 57.g5 Bc6
58.g6+ Kg7 59.Bc3 Bxa8 60.Bxd4+  1-0

[Event "URS-chT"]
[Site "Naberezhnie Chelni"]
[Date "1988.??.??"]
[Round "?"]
[White "Nikolenko, Oleg"]
[Black "Ambarcumjan, Armen"]
[Result "1-0"]
[WhiteElo "2405"]
[BlackElo "2360"]

1.e4 c5 2.Nc3 Nc6 3.Nge2 e5 4.Nd5 Be7 5.Nec3 Nf6 6.Bc4 d6 7.O-O Nd4 8.d3 O-O
9.Nxe7+ Qxe7 10.Bg5 Be6 11.f4 h6 12.Bxf6 Qxf6 13.f5 Bxc4 14.dxc4 Qd8 15.f6 g6
16.Qd2 Kh7 17.Rae1 Rh8 18.Re3 Qd7 19.Nd5 Nc6 20.Rh3 h5 21.Rf5  1-0

[Event "Naestved op"]
[Site "Naestved"]
[Date "1988.??.??"]
[Round "?"]
[White "Svensk, Ingemar"]
[Black "Busch, Klaus"]
[Result "1-0"]
[WhiteElo "2230"]
[BlackElo "2340"]

1.e4 c5 2.Nc3 Nc6 3.Nge2 e5 4.g3 g6 5.Bg2 Bg7 6.d3 d6 7.a3 Nge7 8.O-O O-O
9.Rb1 Nd4 10.b4 Rb8 11.bxc5 dxc5 12.Be3 Be6 13.Qd2 Qd7 14.f4 b6 15.fxe5 Bxe5
16.Bh6 Bg7 17.Bxg7 Kxg7 18.Rf4 h6 19.Rbf1 c4 20.Nd5 Nxe2+ 21.Qxe2 cxd3 22.cxd3 Bxd5
23.exd5 Qd6 24.Qb2+ f6 25.Re4 Nxd5 26.Rd4 Qe5 27.Qf2 Ne7 28.Rd7 Rbd8 29.Rxa7 Qd6
30.Rb7 Qxa3 31.Qxb6 Rf7 32.Qxd8  1-0

[Event "Naleczow"]
[Site "Naleczow"]
[Date "1988.??.??"]
[Round "1"]
[White "Gdanski, Jacek"]
[Black "Schoen, Wolfram"]
[Result "1-0"]
[WhiteElo "2395"]
[BlackElo "2430"]

1.e4 c5 2.Nf3 Nc6 3.Nc3 d6 4.d4 cxd4 5.Nxd4 Nf6 6.Bc4 e6 7.Be3 Be7 8.Qe2 a6
9.O-O-O Qc7 10.Bb3 Na5 11.g4 b5 12.g5 Nxb3+ 13.axb3 Nd7 14.Nf5 b4 15.Nxg7+ Kf8
16.Qh5 Kxg7 17.Bd4+ Ne5 18.f4 bxc3 19.fxe5 dxe5 20.Rhf1 Rf8 21.g6 Bg5+ 22.Qxg5 f6
23.Rxf6 cxb2+ 24.Kb1 h6 25.Rf7+ Qxf7 26.Bxe5+ Qf6 27.Bxf6+ Rxf6 28.Qe5 Kxg6
29.Rg1+ Kf7 30.Qc7+  1-0

[Event "Novi Sad op"]
[Site "Novi Sad"]
[Date "1988.??.??"]
[Round "7"]
[White "Ivkovic, Dusan"]
[Black "Sher, Miron N"]
[Result "0-1"]
[WhiteElo "2310"]
[BlackElo "2345"]

1.e4 c5 2.Ne2 Nc6 3.Nbc3 d6 4.g3 g6 5.Bg2 Bg7 6.O-O e6 7.d3 Nge7 8.Be3 Nd4
9.Rb1 O-O 10.f4 e5 11.h3 Be6 12.Kh2 Qd7 13.Nd5 Bxd5 14.exd5 Nef5 15.Bd2 Nxe2
16.Qxe2 Rae8 17.Qf2 exf4 18.Bxf4 Bd4 19.Qf3 Be5 20.c3 Qa4 21.Rf2 Qxa2 22.Rg1 Qa4
23.Qg4 h5 24.Qg5 Kg7 25.Bxe5+ Rxe5 26.b4 cxb4 27.d4 Ree8 28.Rxf5 f6 29.Qf4 Qc2
30.Rxh5 gxh5 31.g4 hxg4 32.Kh1 Kh8 33.hxg4 Qh7+ 34.Qh2 Qxh2+ 35.Kxh2 bxc3
36.Kg3 Re3+ 37.Kf4 Rfe8  0-1

[Event "Oakham House"]
[Site "Oakham"]
[Date "1988.??.??"]
[Round "10"]
[White "Chow, Albert"]
[Black "O'Donnell, Tom"]
[Result "1/2-1/2"]
[WhiteElo "2305"]
[BlackElo "2340"]

1.e4 c5 2.Nc3 Nc6 3.Nge2 g6 4.d4 cxd4 5.Nxd4 Bg7 6.Nb3 Nf6 7.Be2 O-O 8.O-O d6
9.Kh1 a5 10.a4 Be6 11.Bg5 Rc8 12.f4 Nb4 13.Nd4 Bc4 14.Ndb5 Bxb5 15.Bxb5 Nd7
16.e5 f6  1/2-1/2

[Event "Paris-ch"]
[Site "Paris"]
[Date "1988.??.??"]
[Round "6"]
[White "Apicella, Manuel"]
[Black "Kosten, Anthony C"]
[Result "0-1"]
[WhiteElo "2355"]
[BlackElo "2515"]

1.e4 c5 2.Nf3 Nc6 3.Nc3 d6 4.d4 cxd4 5.Nxd4 Nf6 6.Bc4 e6 7.Be3 Be7 8.Bb3 a6
9.O-O O-O 10.f4 Nxd4 11.Bxd4 b5 12.e5 dxe5 13.fxe5 Nd7 14.Ne4 Bb7 15.Qg4 Bxe4
16.Qxe4 Nc5 17.Qg4 Nxb3 18.axb3 Qd5 19.Kh1 Rac8 20.c3 Qxb3 21.Rxa6 Rc7 22.Qe2 Qc4
23.Qf3 b4 24.Raa1 h6 25.Rae1 bxc3 26.Bxc3 Rd7 27.Re4 Qd5 28.Qe2 Bc5 29.h3 Rfd8
30.Ref4 Qb7 31.Qh5 g6 32.Qe2 Bf8 33.Qf2 Rd1 34.Rd4 R8xd4 35.Bxd4 Rd3 36.Kh2 Qd7
37.Bc3 Bg7 38.Re1 h5 39.Qf4 Qc7 40.Re4 Rd1 41.Qg3 Bh6 42.Re1 Qc4 43.Qf2 Rxe1
44.Qxe1 Qd3 45.Qf2 Be3 46.Qf3 h4 47.g3 Qc2+ 48.Qg2 Qc1 49.Qa8+ Kg7 50.Qg2 Kh7
51.Bb4 hxg3+ 52.Kxg3 Bf4+ 53.Kf3 Qe3+  0-1

[Event "ROM-ch"]
[Site "Predeal"]
[Date "1988.??.??"]
[Round "4"]
[White "Ghinda, Mihail Viorel"]
[Black "Marasescu, Ioan"]
[Result "1/2-1/2"]
[WhiteElo "2455"]
[BlackElo "2350"]

1.e4 c5 2.Nf3 Nc6 3.Nc3 g6 4.d4 cxd4 5.Nxd4 Bg7 6.Nb3 Nf6 7.Be2 O-O 8.O-O a5
9.a4 Nb4 10.e5 Ne8 11.f4 d6 12.Be3 Bd7 13.exd6  1/2-1/2

[Event "ROM-ch"]
[Site "Predeal"]
[Date "1988.??.??"]
[Round "15"]
[White "Pavlov, Mircea"]
[Black "Armas, Iulius"]
[Result "0-1"]
[WhiteElo "2390"]
[BlackElo "2460"]

1.e4 c5 2.Nf3 Nc6 3.Nc3 e5 4.Bc4 Be7 5.d3 d6 6.O-O Nf6 7.Ng5 O-O 8.f4 h6
9.Nf3 exf4 10.Bxf4 Be6 11.Qd2 d5 12.exd5 Nxd5 13.Bxd5 Bxd5 14.Rae1 Bf6 15.Kh1 b6
16.b3 Qd7 17.Ne5 Nxe5 18.Bxe5 Bxe5 19.Rxe5 Bc6 20.Rfe1 Rae8 21.a4 Rxe5 22.Rxe5 f5
23.Qf4 Rf6 24.Ne2 g5 25.Qc4+ Kh7 26.Ng3 Qd6 27.Rxf5 Rxf5 28.Nxf5 Qf6 29.Ne3 Qa1+  0-1

[Event "ROM-ch"]
[Site "Predeal"]
[Date "1988.??.??"]
[Round "16"]
[White "Stanciu, Adrian"]
[Black "Nicolaide, Valeriu"]
[Result "1/2-1/2"]
[WhiteElo "2310"]
[BlackElo "2355"]

1.e4 c5 2.Nf3 Nc6 3.Nc3 Nf6 4.Bb5 g6 5.Bxc6 dxc6 6.O-O Bg7 7.d3 O-O 8.Be3 b6
9.h3 Qc7 10.Qd2 e5 11.Bh6 Nh5 12.Bxg7 Kxg7 13.Ne2 Bd7 14.Nh2 Rae8 15.f4 exf4
16.Nxf4 Nxf4 17.Rxf4 f6 18.Raf1 Qd6 19.b3 Kg8 20.Qc3 f5 21.exf5 Bxf5 22.R4f2 Qd4
23.Qd2 Bd7 24.Nf3 Qe3 25.Qxe3 Rxe3 26.Ng5 Rxf2 27.Kxf2 Re5 28.Ne4 Rf5+ 29.Ke2 Rxf1
30.Kxf1 Kf7 31.Kf2 h6 32.Ke3 g5 33.a4 Ke6 34.a5 Ke5 35.axb6 axb6 36.Nd2 Be6
37.Nf3+ Kf6 38.c4 g4 39.hxg4 Bxg4 40.Nd2 Ke5 41.Ne4 Bd1 42.Nf2 Bxb3 43.Ng4+ Ke6
44.Nxh6 b5 45.cxb5 cxb5 46.Ng4 Bd5 47.g3 b4 48.Nf2 Ke5 49.g4 Bg2 50.Nd1 Bc6
51.Nb2 Bb5 52.Nd1 Ba4 53.Nf2 Bc6 54.Nd1 Be8 55.Nf2 Bg6 56.Nd1 Kd5 57.Nb2 Bf7
58.g5 Kd6 59.Ke4 Bd5+ 60.Ke3 Bb3 61.g6  1/2-1/2

[Event "Quebec"]
[Site "Quebec"]
[Date "1988.??.??"]
[Round "4"]
[White "Bolduc, Steve"]
[Black "Barbeau, Sylvain"]
[Result "0-1"]
[WhiteElo "2230"]
[BlackElo "2355"]

1.e4 c5 2.Nf3 Nc6 3.Nc3 Nf6 4.d4 cxd4 5.Nxd4 d6 6.Be2 e5 7.Nf3 h6 8.O-O Be7
9.Nd2 O-O 10.f4 exf4 11.Rxf4 Be6 12.Nc4 Ne5 13.Nd5 Bxd5 14.exd5 Nfd7 15.Rf5 g6
16.Rf1 Nxc4 17.Bxc4 Bg5 18.Qd4 Ne5 19.Be2 f5 20.Bxg5 hxg5 21.c4 Qf6 22.Rfd1 g4
23.Rac1 f4 24.c5 f3 25.Bf1 Rf7 26.cxd6 f2+ 27.Kh1 Rh7 28.Rc3 Qxd6 29.Qxf2 Rxh2+
30.Kg1 Nf3+ 31.gxf3 Rxf2 32.Kxf2 Rf8 33.Bg2 g5 34.Rd2 g3+ 35.Ke1 Rf5 36.Rcd3 Re5+
37.Kd1 Kg7 38.Rd4 Re3 39.a3 a5 40.Ra4 b6 41.Rc4 b5 42.Rc6 Qe5 43.Re6 Re1+
44.Kc2 Qf5+ 45.Re4 Qc8+ 46.Kd3 Rc1 47.d6 b4 48.f4 bxa3 49.Re7+ Kf8 50.Bb7 Qc4+  0-1

[Event "URS-ch sf"]
[Site "Riga"]
[Date "1988.??.??"]
[Round "?"]
[White "Yurtaev, Leonid"]
[Black "Lanka, Zigurds"]
[Result "1-0"]
[WhiteElo "2485"]
[BlackElo "2430"]

1.e4 c5 2.Nf3 Nc6 3.Nc3 d6 4.d4 cxd4 5.Nxd4 Nf6 6.Bg5 e6 7.Qd3 a6 8.Rd1 Bd7
9.Be2 Rc8 10.O-O h6 11.Bc1 Nxd4 12.Qxd4 Qc7 13.Qe3 b5 14.a3 Be7 15.Qg3 Bc6
16.Qxg7 Rg8 17.Qxh6 Nxe4 18.Nxe4 Bxe4 19.g3 Qxc2 20.Rfe1 Rg6 21.Qh8+ Kd7
22.Qd4 d5 23.Qa7+ Qc7 24.Qxa6 Bc5 25.Be3 Bxe3 26.Bxb5+ Ke7 27.Rxe3 Qb8 28.Bd3 Bxd3
29.Qxd3 Qxb2 30.Qxd5 Kf8 31.Qd7 Rc2 32.Rf3 Rf6 33.Rd4 Qxd4 34.Qxd4 Rxf3 35.Qb4+  1-0

[Event "Saint John op-1"]
[Site "Saint John"]
[Date "1988.??.??"]
[Round "?"]
[White "Andonov, Bogomil"]
[Black "Gulko, Boris F"]
[Result "0-1"]
[WhiteElo "2420"]
[BlackElo "2595"]

1.e4 c5 2.Nc3 Nc6 3.Nge2 d6 4.g3 g6 5.d4 cxd4 6.Nxd4 Bg7 7.Nde2 Nf6 8.Bg2 O-O
9.h3 Be6 10.O-O Qd7 11.Kh2 Bc4 12.a4 Rac8 13.Re1 Rfd8 14.Nf4 e6 15.Rb1 Nb4
16.Nd3 a5 17.Bg5 h6 18.Be3 Qc7 19.Qd2 Kh7 20.Nb5 Bxb5 21.axb5 d5 22.Nxb4 dxe4
23.Na6 bxa6 24.b6 Rxd2 25.bxc7 Rxc2 26.Bb6 a4 27.Bxe4 Nxe4 28.Rxe4 Bxb2 29.Rd1 a3
30.Ra4 Be5 31.Rd8 R8xc7 32.Bxc7 Bxc7 33.Rd3 a2 34.Rda3 Rxf2+ 35.Kg1 Rc2 36.g4 Rh2
37.Rxa6 Be5 38.R6a5 Rxh3 39.Rxh3 a1=Q+ 40.Rxa1 Bxa1 41.Kg2 Kg7 42.Rf3 f5
43.Ra3 Be5 44.Kf3 Kf6 45.Ra5 Bd4 46.Ra6 Be5 47.Rc6 fxg4+ 48.Kxg4 h5+ 49.Kf3 Kf5
50.Rc8 g5 51.Rf8+ Bf6 52.Rf7 g4+ 53.Kg2 h4 54.Rh7 Kg6 55.Rd7 Be5 56.Re7 h3+
57.Kf1 g3  0-1

[Event "URS-FL56"]
[Site "Simferopol"]
[Date "1988.??.??"]
[Round "?"]
[White "Romanishin, Oleg M"]
[Black "Basin, Leonid"]
[Result "1-0"]
[WhiteElo "2550"]
[BlackElo "2350"]

1.e4 c5 2.Nc3 Nc6 3.Bb5 g6 4.Bxc6 bxc6 5.d3 Bg7 6.Nge2 d6 7.O-O Nf6 8.h3 O-O
9.Be3 Rb8 10.Rb1 Nd7 11.Qd2 e5 12.Bh6 Qe7 13.Bxg7 Kxg7 14.b3 h6 15.f4 exf4
16.Rxf4 Ne5 17.Rbf1 Bd7 18.Ng3 Rbd8 19.Nd1 Bc8 20.Ne3 d5 21.Rf6 Qxf6 22.Rxf6 Kxf6
23.Qa5 d4 24.Nef1 Nd7 25.Qxa7 Kg7 26.Qc7 Rde8 27.Qxc6 h5 28.Nd2 h4 29.Nh1 f5
30.Nf2 Rf6 31.Qc7 Ref8 32.Nf3 g5 33.Nxg5 Rg6 34.e5  1-0

[Event "Tel Aviv"]
[Site "Tel Aviv"]
[Date "1988.??.??"]
[Round "?"]
[White "Gruenfeld, Yehuda"]
[Black "Csom, Istvan"]
[Result "1-0"]
[WhiteElo "2550"]
[BlackElo "2495"]

1.e4 c5 2.Nf3 Nc6 3.Nc3 e5 4.Bc4 d6 5.d3 Be7 6.Nd5 Nf6 7.c3 O-O 8.a3 Nxd5
9.Bxd5 Bf6 10.b4 Ne7 11.Bb3 b6 12.Be3 Ng6 13.O-O Bb7 14.Qb1 Rc8 15.Qa2 Rc7
16.Rfd1 h6 17.Nd2 Ne7 18.Nf1 Qc8 19.Bd2 Ba6 20.Be1 Bg5 21.Rab1 g6 22.b5 Bb7
23.Bd2 Bxd2 24.Nxd2 Kg7 25.Nc4 Rd8 26.a4 Rcd7 27.a5 Qc7 28.Re1 f6 29.d4 d5
30.exd5 Nxd5 31.dxe5 Nf4 32.exf6+ Kxf6 33.f3 Rd5 34.Re3 Rh5 35.g3 Nh3+ 36.Kf1 Rf5
37.Qe2  1-0

[Event "Thessaloniki ol (Men)"]
[Site "Thessaloniki"]
[Date "1988.??.??"]
[Round "2"]
[White "Hector, Jonny"]
[Black "Maki, Veijo"]
[Result "1/2-1/2"]
[WhiteElo "2435"]
[BlackElo "2375"]

1.e4 c5 2.Nc3 Nc6 3.Nge2 d6 4.d4 cxd4 5.Nxd4 Nf6 6.Bc4 e6 7.Be3 a6 8.Qe2 Qc7
9.O-O-O Be7 10.Bb3 O-O 11.g4 Nxd4 12.Rxd4 b5 13.g5 Nd7 14.Rg1 Nc5 15.Rg3 Re8
16.e5 Nxb3+ 17.axb3 d5 18.Rh4 Qxe5 19.Qd3 Qf5 20.Qxf5 exf5 21.Nxd5 Bb7 22.Nf6+ Bxf6
23.gxf6 g6 24.Rh6 Rad8 25.c3 f4 26.Rgh3 Bg2 27.R3h4 g5 28.R4h5 fxe3 29.Rxh7 Rd1+
30.Kxd1 Bf3+ 31.Ke1 Bxh5 32.Rxh5 exf2+ 33.Kxf2 Re5 34.b4 Rf5+ 35.Ke3 Rxf6
36.Rxg5+ Kf8 37.Rg2 Rh6 38.Kd4 Ke7 39.b3 Kd6 40.Rf2 Rh4+ 41.Ke3 Ke6 42.Rc2 Ke5
43.Kf3 f5 44.Re2+ Kd5 45.Kg2 Rg4+ 46.Kf1 Rh4 47.Ra2 Rh3 48.Rxa6 Rxc3 49.Rb6 Rxb3
50.Rxb5+ Ke4 51.Rc5 f4 52.Rc1 Kf3 53.b5 Rxb5 54.Rc3+ Ke4  1/2-1/2

[Event "Thessaloniki ol (Men)"]
[Site "Thessaloniki"]
[Date "1988.??.??"]
[Round "2"]
[White "Gobet, Fernand"]
[Black "Santos, Luis"]
[Result "1/2-1/2"]
[WhiteElo "2405"]
[BlackElo "2395"]

1.e4 c5 2.Nf3 Nc6 3.Nc3 Nf6 4.Bb5 d6 5.d4 cxd4 6.Qxd4 Qd7 7.Qd3 a6 8.Ba4 b5
9.Bb3 e6 10.Bf4 Bb7 11.O-O-O Rd8 12.Qe2 Qc7 13.e5 Nh5 14.Bg5 Be7 15.exd6 Rxd6
16.Ne4 Rxd1+ 17.Rxd1 O-O 18.g3 Na5 19.Bxe7 Nxb3+ 20.axb3 Qxe7 21.Ne5 Bd5
22.Nc3 Nf6 23.f4 Rc8 24.Kb1 h6  1/2-1/2

[Event "Thessaloniki ol (Men)"]
[Site "Thessaloniki"]
[Date "1988.??.??"]
[Round "6"]
[White "Fernandez Garcia, Jose L"]
[Black "Sosa, Leonardo"]
[Result "1-0"]
[WhiteElo "2435"]
[BlackElo "2200"]

1.e4 c5 2.Nf3 Nc6 3.Nc3 g6 4.d4 cxd4 5.Nxd4 Bg7 6.Be3 Nf6 7.Bc4 Qa5 8.O-O O-O
9.Nb3 Qc7 10.f4 d6 11.Be2 b6 12.Bf3 Bb7 13.Nb5 Qb8 14.c4 Na5 15.Nd2 Nd7 16.Rb1 a6
17.Nc3 e6 18.Qe2 Qc7 19.Rbc1 Rfc8 20.Qf2 Nc5 21.Be2 Nc6 22.a3 Ne7 23.Bd4 Bxd4
24.Qxd4 Nd7 25.b4 f5 26.Bd3 e5 27.Qe3 exf4 28.Rxf4 Rf8 29.exf5 Rae8 30.fxg6 Nxg6
31.Rxf8+ Rxf8 32.Qe6+ Kg7 33.Bxg6 hxg6 34.Nd5 Bxd5 35.Qxd5 Ne5 36.Rd1 Qf7
37.Qxf7+ Nxf7 38.Ne4 Rd8 39.Kf2 Kf8 40.Nf6 Ke7 41.Nd5+ Ke6 42.Nxb6 Ne5 43.Kg3 g5
44.Rd4 Rb8 45.Nd5 Rb7 46.h3 Rh7 47.Re4 Kf7 48.c5  1-0